00395nam a22001337a 4500008004100000020001500041082001700056100003000073245008300103260003200186300000900218440001000227700002400237230629b xxu||||| |||| 00| 0 eng d a2831704278 a333.70bIUCN cHendrik A. Van Der Linde  aEnhancing Sustainability Resources for Our FuturebSuit Technical Series Vol 1 aSwitzerland, UKbIUCNc1998 a178p vVol 1 cMelissa H. Danskin